00628nam a2200133Ia 4500008004100000100003100041245015700072260006300229300001800292650001700310856007500327999001900402952007300421160712s9999 xx 000 0 und d aPoblador, Karl Friedrik K. cKarl Friedrik K. PobladoraThe Transformation of Property Rights in the Philippine Timber and Gold Mining Industries during the American Colonial Period c2014bKasarinlan Philippine Journal of Third World Studies avol. 29 no. 1 xINDEPENDENCE uhttp://journals.upd.edu.ph/index.php/kasarinlan/issue/view/486/showToc c297184d297184 001040aCLbCLd2016-07-12l0r2016-07-12 00:00:00w2016-07-12yFEJ